Geographical review
| Título anterior: | Bulletin of the American Geographical Society (Online) |
|---|---|
| Autor Corporativo: | |
| Formato: | Electrónico Revista |
| Lenguaje: | inglés |
| Publicado: |
New York :
American Geographical Society
Malden, MA : John Wiley & Sons Philadelphia, PA : Taylor & Francis |
| Materias: | |
| Acceso en línea: | Full text available from Research Library: 01/01/1994 to present Full text available from PRISMA Database with HAPI Index: 01/01/1994 to 04/30/2017 |
MARC
| LEADER | 00000nas a2200000 a 4500 | ||
|---|---|---|---|
| 001 | ssj0001692 | ||
| 003 | WaSeSS | ||
| 005 | 20200512172242.0 | ||
| 006 | m d | ||
| 007 | cr n | ||
| 008 | 020612c19169999mauqr pss o 0 a0eng c | ||
| 010 | |a 2002227017 | ||
| 015 | |a GBB349392 |2 bnb | ||
| 016 | 7 | |a 2066366-3 |2 DE-600 | |
| 016 | 7 | |a 016324146 |2 Uk | |
| 022 | |a 1931-0846 |l 0016-7428 |y 0016-7428 | ||
| 035 | |a (WaSeSS)ssj0001692 | ||
| 037 | |b John Wiley & Sons, Ltd., 111 River St., Hoboken, NJ 07030 |c $15.00 (single issue) |c $150.00 (1 yr.) | ||
| 040 | |a EYM |b eng |c EYM |d OCLCQ |d NSD |d DLC |d OCLCQ |d DLC |d OCLCQ |d DLC |d OCLCQ |d OCLCF |d NUI |d VT2 |d OCLCQ |d DEBBG |d NLE |d OCLCQ |d UKMGB |d CGU |d OCLCQ |d NJT |d DLC |d WaSeSS | ||
| 042 | |a pcc |a nsdp | ||
| 050 | 1 | 4 | |a G1 |
| 082 | 1 | 0 | |a 910 |2 13 |
| 130 | 0 | |a Geographical review (Online) | |
| 222 | 0 | |a Geographical review |b (Online) | |
| 245 | 1 | 0 | |a Geographical review |h [electronic resource]. |
| 260 | |3 1916- <2010 |a New York : |b American Geographical Society | ||
| 260 | 2 | |3 <2010 - |a Malden, MA : |b John Wiley & Sons | |
| 260 | 3 | |3 2020- : |a Philadelphia, PA : |b Taylor & Francis | |
| 310 | |a Quarterly, |b 1921- | ||
| 321 | |a Monthly, |b 1916-1920 | ||
| 362 | 0 | |a Vol. 1, no. 1 (Jan. 1916)- | |
| 500 | |a Title from title screen (viewed June 12, 2002). | ||
| 506 | |a License restrictions may limit access. | ||
| 538 | |a Mode of access: World Wide Web. | ||
| 588 | |a Latest issue consulted: Vol. 110, issue 1-2 (2020) (tandfonline.com, viewed Feb. 25, 2020). | ||
| 650 | 0 | |a Geography |v Periodicals. | |
| 650 | 7 | |a Geography. |2 fast |0 (OCoLC)fst00940469 | |
| 655 | 0 | |a Electronic journals. | |
| 710 | 2 | |a American Geographical Society of New York. | |
| 776 | 0 | 8 | |i Print version: |t Geographical review |x 0016-7428 |w (DLC) 17015422 |w (OCoLC)1570664 |
| 780 | 0 | 0 | |t Bulletin of the American Geographical Society (Online) |x 1931-0838 |w (DLC) 2002227016 |w (OCoLC)49976443 |
| 856 | 4 | 0 | |z Full text available from Research Library: 01/01/1994 to present |u https://search.proquest.com/publication/40586 |
| 856 | 4 | 0 | |z Full text available from PRISMA Database with HAPI Index: 01/01/1994 to 04/30/2017 |u https://search.proquest.com/publication/139 |